Big 4 Blitz: Last 10 Champs Quiz Stats

Quiz Updated Feb 4, 2018

Challenge
Share
Tweet
Embed
Score 0/40 Timer 01:00
3 Plays Today
League Team % Correct
MLBSan Francisco Giants
88.9%
NFLNew York Giants
88.4%
NFLNew England Patriots
87.7%
NFLPhiladelphia Eagles
87.3%
MLBSan Francisco Giants
86.8%
NBAMiami Heat
83.2%
NBAMiami Heat
82.8%
NBACleveland Cavaliers
82%
NFLSeattle Seahawks
81.4%
MLBSan Francisco Giants
79.5%
MLBNew York Yankees
79.5%
NBALos Angeles Lakers
78.9%
NBALos Angeles Lakers
78.9%
MLBHouston Astros
73.4%
NFLDenver Broncos
72.3%
NBAGolden State Warriors
70.5%
MLBChicago Cubs
70.1%
NBAGolden State Warriors
70.1%
NFLPittsburgh Steelers
69.7%
MLBSt. Louis Cardinals
67.7%
League Team % Correct
NBABoston Celtics
66.5%
NHLChicago Blackhawks
62.7%
NFLGreen Bay Packers
62.3%
NFLNew England Patriots
62%
NFLBaltimore Ravens
62%
NBADallas Mavericks
59%
NFLNew Orleans Saints
54.8%
NBASan Antonio Spurs
53.7%
NHLDetroit Red Wings
52.8%
MLBBoston Red Sox
52.4%
NHLChicago Blackhawks
50.7%
MLBKansas City Royals
49%
NHLLos Angeles Kings
48.5%
NHLPittsburgh Penguins
46.7%
MLBPhiladelphia Phillies
45%
NHLBoston Bruins
44.2%
NHLLos Angeles Kings
37%
NHLChicago Blackhawks
33.5%
NHLPittsburgh Penguins
27.7%
NHLPittsburgh Penguins
26.2%

You're not logged in!

Compare scores with friends on all Sporcle quizzes.
Join for Free
OR
Log In

You Might Also Like...

Show Comments

Extras

Top Quizzes Today


Score Distribution

Your Account Isn't Verified!

In order to create a playlist on Sporcle, you need to verify the email address you used during registration. Go to your Sporcle Settings to finish the process.

Report this User

Report this user for behavior that violates our Community Guidelines.

Details: